Odgadnij państwo po rozsypanej nazwie - Statystyki

Ogólne statystyki
  • Ten quiz został rozwiązany 18 razy
  • Średni wynik to 31 z 36
Statystyki odpowiedzi
rozsypana ułożona % Poprawnych
yhniC Chiny
100%
ryCp Cypr
100%
anioEst Estonia
100%
saRoj Rosja
100%
iarSy Syria
100%
rjuTac Turcja
100%
niaUrka Ukraina
100%
ibSare Serbia
93%
eliagB Belgia
87%
dazC Czad
87%
ianDa Dania
87%
ptgiE Egipt
87%
yniFilip Filipiny
87%
reGjca Grecja
87%
anadaK Kanada
87%
auKb Kuba
87%
liMa Mali
87%
okoarM Maroko
87%
namO Oman
87%
uPer Peru
87%
anSdu Sudan
87%
leihC Chile
80%
zCyche Czechy
80%
anaGh Ghana
80%
aHiti Haiti
80%
rakI Irak
80%
poJania Japonia
80%
emneJ Jemen
80%
biLan Liban
80%
waLit Litwa
80%
sykeMk Meksyk
80%
eNalp Nepal
80%
anwjTa Tajwan
80%
raIn Iran
73%
dieIn Indie
67%
laizarBy Brazylia
60%
Nie znaleziono quizów pasujących do podanych kryteriów
Rozkład punktacji
Procent ludzi z każdym wynikiem
Percentyl według liczby udzielonych odpowiedzi
Twoja historia wyników
Nie rozwiązałeś tego quizu